[Event "CZE-ch U16"]
[Site "Sec u Chrudimi"]
[Date "2008.10.31"]
[Round "8"]
[White "Stanek, Michal"]
[Black "Steinhauserova, Anna"]
[Result "0-1"]
[WhiteElo "1250"]
[BlackElo "1751"]
[PlyCount "104"]
[EventDate "2008.10.25"]
[EventType "swiss"]
[EventRounds "9"]
[EventCountry "CZE"]
[SourceTitle "EXT 2022"]
[Source "ChessBase"]
[SourceDate "2021.10.06"]
[SourceVersion "1"]
[SourceVersionDate "2021.10.06"]
[SourceQuality "1"]

1. d4 d5 2. c4 c6 3. Nc3 Nf6 4. Nf3 Bf5 5. e3 e6 6. Bd2 h6 7. c5 Nbd7 8. Be2 Be7 9. 0-0 0-0 10. Ne1 Qc7 11. Bd3 Bxd3 12. Nxd3 e5 13. Qe2 Rfe8 14. Qd1 Nh7 15. b4 Bf6 16. Ne2 Re7 17. Bc3 Rae8 18. Qc2 exd4 19. Nxd4 Ne5 20. Nf5 Rd7 21. Bxe5 Bxe5 22. Nxe5 Qxe5 23. Nd4 Nf6 24. Rfe1 Ng4 25. g3 Qh5 26. h4 Ne5 27. Qf5 Qxf5 28. Nxf5 Nf3+ 29. Kf1 Nxe1 30. Rxe1 b6 31. Nd4 Rc7 32. Rb1 Rb8 33. Rb3 bxc5 34. bxc5 Rxb3 35. axb3 Kf8 36. Ke2 Ke7 37. Kd3 g6 38. b4 Kd7 39. Nc2 a5 40. e4 dxe4+ 41. Kxe4 axb4 42. Nxb4 Rb7 43. Nd3 Ke6 44. Kd4 Ra7 45. Kc4 Rd7 46. g4 Rxd3 47. Kxd3 Kd5 48. f4 h5 49. g5 Kxc5 50. Ke4 Kd6 51. Kd4 c5+ 52. Ke4 Ke6 0-1